Shakespearean tragedy / (Record no. 102150)
[ view plain ]
| 000 -LEADER | |
|---|---|
| fixed length control field | 00944nam a22002537a 4500 |
| 005 - DATE AND TIME OF LATEST TRANSACTION | |
| control field | 20180228121206.0 |
| 010 ## - LCCN (DPL NO) | |
| LC control number | 1617EN ENG-117131 |
| 020 ## - INTERNATIONAL STANDARD BOOK NUMBER | |
| International Standard Book Number | 9781138694965 |
| Terms of availability | 1195.00 |
| 035 ## - SYSTEM CONTROL NUMBER | |
| System control number | B-650097-099 |
| 035 ## - SYSTEM CONTROL NUMBER | |
| System control number | EN-100663 |
| 035 ## - SYSTEM CONTROL NUMBER | |
| System control number | B-664925 |
| 037 ## - SOURCE OF ACQUISITION | |
| Stock number | DPL |
| Source of stock number/acquisition | UPPAL |
| 037 ## - SOURCE OF ACQUISITION | |
| Source of stock number/acquisition | DBAD/PUB |
| 082 ## - DEWEY DECIMAL CLASSIFICATION NUMBER | |
| Classification number | 882.08 |
| 245 ## - TITLE STATEMENT | |
| Title | Shakespearean tragedy / |
| Statement of responsibility, etc | edited by John Drakakis |
| 260 ## - PUBLICATION, DISTRIBUTION, ETC. (IMPRINT) | |
| Place of publication, distribution, etc | New York |
| Name of publisher, distributor, etc | Routledge |
| Date of publication, distribution, etc | 2016 |
| 270 ## - ADDRESS | |
| Address | 711 third avenue |
| City | New York |
| Postal code | NY 10017 |
| 300 ## - PHYSICAL DESCRIPTION | |
| Extent | xi,433p. |
| Dimensions | 25cm(pbk) |
| 500 ## - GENERAL NOTE | |
| General note | Includes index |
| 700 ## - ADDED ENTRY--PERSONAL NAME | |
| Personal name | Drakakis, John |
| 942 ## - ADDED ENTRY ELEMENTS (KOHA) | |
| Source of classification or shelving scheme | Dewey Decimal Classification |
| Item type | English Books |
| Classification part | 882.08 |
| Call number suffix | SHA |
| Withdrawn status | Lost status | Not for loan | Collection code | Home library | Current library | Date acquired | Source of acquisition | Cost, normal purchase price | Full call number | Barcode | Copy number | Cost, replacement price | Koha item type |
|---|---|---|---|---|---|---|---|---|---|---|---|---|---|
| Non-fiction | Ashok Vihar | Ashok Vihar | 28/02/2018 | Uppal/14146/27.2.2017/EN/AV/473/15.2.2017/7.3.2017 | 1195.00 | 882.08 SHA | B-664925 | 1 | 1195.00 | English Books | |||
| Non-fiction | Janak Puri | Janak Puri | 10/03/2017 | BPPD/EN/2016-17/307/24.11.2016/13892/5.12.2013/2.1.2017 | 1195.00 | 882.08 SHA | B-650099 | 1 | 1195.00 | English Books | |||
| Non-fiction | Patel Nagar | Patel Nagar | 10/03/2017 | BPPD/EN/2016-17/307/24.11.2016/13892/5.12.2013/2.1.2017 | 1195.00 | 882.08 SHA | B-650097 | 1 | 1195.00 | English Books | |||
| Non-fiction | Patel Nagar | Patel Nagar | 10/03/2017 | BPPD/EN/2016-17/307/24.11.2016/13892/5.12.2013/2.1.2017 | 1195.00 | 882.08 SHA | B-650098 | 1 | 1195.00 | English Books | |||
| Non-fiction | Shahdara Branch | Shahdara Branch | 23/01/2017 | DBAD/PUB | 1195.00 | 882.08 | EN-100663 | 1 | 1195.00 | English Books |
